000 01043nam a2200241Ia 4500
003 Ost
005 20260507075640.0
008 260507s9999||||xx |||||||||||||| ||und||
020 _a9775673038
040 _cfsecg
041 _aara
082 _a658.406
100 _aالأيوبي، نزيه
_eمؤلف
245 0 _aالإصلاح الإداري والتطوير المؤسسي في العالم العربي في ظل التحديات الإقتصادية الجديدة /
_c نزيه الأيوبي
260 _aالقاهرة:
_bالمنظمة العربية للتنمية الإدارية,
_c1995
300 _a86 صفحة؛
_c24 سم
490 _aبحوث ودراسات
504 _aالمراجع ص.80
520 _aالإصلاح والتطوير الإداري ،التطوير الإداري لدعم الكفاءة الإقتصادية والجوانب التنظيمية والإدارية للخوصة
653 _aالإدارة - تطوير
653 _aالإصلاح الإداري
942 _cكتاب
999 _c45381
_d45381